| 000 | 05221cam a22019574i 4500 | ||
|---|---|---|---|
| 003 | PE-LiUPU | ||
| 005 | 20250813165409.0 | ||
| 008 | 111022s2000 mx a rb 001 0 spa d | ||
| 020 | _a970102690X | ||
| 020 | _a9789701026908 | ||
| 035 | _a(Sirsi) i9789701026908 | ||
| 040 |
_aESALI _bspa _cESALI _dPE-LiUPU _erda |
||
| 049 | _aPRUA | ||
| 082 | 0 | 4 |
_a610.7202 _bP75 2000 |
| 082 | 0 | 4 |
_a610.73072 _bP75 _220 |
| 100 | 1 |
_aPolit, Denise F., _eautor. |
|
| 245 | 1 | 0 |
_aInvestigación científica en ciencias de la salud / _cDenise F. Polit, Bernadette P. Hungler ; traduccion, Roberto Palacios Martínez, Guillermina Féher de la Torre. |
| 250 | _aSexta edición. | ||
| 264 | 1 |
_aMéxico : _bMcGraw-Hill Interamericana ; _c2000. |
|
| 300 |
_a715 páginas : _bilustraciones ; _c25 centímetros |
||
| 336 |
_atext _2rdacontent |
||
| 337 |
_aunmediated _2rdamedia |
||
| 338 |
_avolume _2rdacarrier |
||
| 500 | _aTrad. de: Nursing research principles and methods. | ||
| 504 | _aIncluye bibliografía. | ||
| 504 | _aÍndice: páginas 697-715. | ||
| 505 | 0 | _aProceso de investigación científica -- Contextos de la investigación de la salud -- Diseños para la investigación en ciencias de la salud -- Medición y colecta de datos -- Análisis de los datos de investigación -- Comunicación en el proceso de investigación -- Elaboración de una propuesta de investigación. | |
| 526 | _aP203 | ||
| 526 | _aP200 | ||
| 526 | _aSEG65 | ||
| 526 | _aSEG64 | ||
| 526 | _aSEG63 | ||
| 526 | _aSEG62 | ||
| 526 | _aSEG61 | ||
| 526 | _aSEG60 | ||
| 526 | _aSEG59 | ||
| 526 | _aSEG58 | ||
| 526 | _aSEG57 | ||
| 526 | _aSEG56 | ||
| 526 | _aSEG55 | ||
| 526 | _aSEG54 | ||
| 526 | _aSEG53 | ||
| 526 | _aSEG52 | ||
| 526 | _aSEG51 | ||
| 526 | _aSEG50 | ||
| 526 | _aSEG49 | ||
| 526 | _aSEG48 | ||
| 526 | _aSEG47 | ||
| 526 | _aSEG46 | ||
| 526 | _aSEG24 | ||
| 526 | _aSEG23 | ||
| 526 | _aSEG22 | ||
| 526 | _aSEG21 | ||
| 526 | _aSEG20 | ||
| 526 | _aSEG19 | ||
| 526 | _aSEG18 | ||
| 526 | _aSEG17 | ||
| 526 | _aSEG16 | ||
| 526 | _aSEG14 | ||
| 526 | _aSEG13 | ||
| 526 | _aSEG12 | ||
| 526 | _aSEG11 | ||
| 526 | _aSEG10 | ||
| 526 | _aSEG09 | ||
| 526 | _aSEG06 | ||
| 526 | _aSEG05 | ||
| 526 | _aSEG04 | ||
| 526 | _aSEG03 | ||
| 526 | _aSEG02 | ||
| 526 | _aSEG68 | ||
| 526 | _aSEG66 | ||
| 526 | _aSEG45 | ||
| 526 | _aSEG25 | ||
| 526 | _aSEG01 | ||
| 526 | _aP163 | ||
| 526 | _aP162 | ||
| 526 | _aP161 | ||
| 526 | _aP160 | ||
| 526 | _aP159 | ||
| 526 | _aP158 | ||
| 526 | _aP157 | ||
| 526 | _aP156 | ||
| 526 | _aP155 | ||
| 526 | _aP154 | ||
| 526 | _aP153 | ||
| 526 | _aP152 | ||
| 526 | _aP151 | ||
| 526 | _aP150 | ||
| 526 | _aP149 | ||
| 526 | _aP142 | ||
| 526 | _aP141 | ||
| 526 | _aP140 | ||
| 526 | _aP139 | ||
| 526 | _aP138 | ||
| 526 | _aP137 | ||
| 526 | _aP132 | ||
| 526 | _aP131 | ||
| 526 | _aP130 | ||
| 526 | _aP126 | ||
| 526 | _aP125 | ||
| 526 | _aP124 | ||
| 526 | _aP123 | ||
| 526 | _aP115 | ||
| 526 | _aP122 | ||
| 526 | _aP121 | ||
| 526 | _aP116 | ||
| 526 | _a P114 | ||
| 526 | _aP112 | ||
| 526 | _aP111 | ||
| 526 | _aP104 | ||
| 526 | _aP103 | ||
| 526 | _aP102 | ||
| 526 | _aP101 | ||
| 526 | _aP100 | ||
| 526 | _aP96 | ||
| 526 | _aP95 | ||
| 526 | _aP93 | ||
| 526 | _aP92 | ||
| 526 | _aP91 | ||
| 526 | _aP88 | ||
| 526 | _aP83 | ||
| 526 | _aP82 | ||
| 526 | _aP79 | ||
| 526 | _aP78 | ||
| 526 | _aP75 | ||
| 526 | _aP74 | ||
| 526 | _aP71 | ||
| 526 | _aP69 | ||
| 526 | _a P51 | ||
| 526 | _aP49 | ||
| 526 | _aP48 | ||
| 526 | _aP47 | ||
| 526 | _aP33 | ||
| 526 | _aP31 | ||
| 526 | _a P30 | ||
| 526 | _aP29 | ||
| 526 | _aP27 | ||
| 526 | _aP26 | ||
| 526 | _aP25 | ||
| 526 | _aP24 | ||
| 526 | _a P22 | ||
| 526 | _aP10 | ||
| 526 | _aP09 | ||
| 526 | _a P08 | ||
| 526 | _aP06 | ||
| 526 | _aP05 | ||
| 526 | _aP04 | ||
| 526 | _aP01 | ||
| 541 | _55790. | ||
| 650 | 4 | _aBiometría. | |
| 650 | 4 |
_aEnfermería _xInvestigación. |
|
| 650 | 4 |
_aMedicina _xInvestigación. |
|
| 700 | 1 |
_aFéher de la Torre, Guillermina, _etraductor. |
|
| 700 | 1 |
_aHungler, Bernadette P., _eautor. |
|
| 700 | 1 |
_aPalacios Martínez, Roberto, _etraductor. |
|
| 910 |
_btqv _crmch _d20170127 |
||
| 942 |
_2ddc _cBOOK |
||
| 949 |
_a610.7202 P75 2000 _wDEWEY _c1 _iFJ06179 _lCCODEBUJ1 _mBUJ _p189.00 _r0 _sY _tBOOK _u2017-01-27 _xBIBLIOTECA _zUNKNOWN _0COMPRA _o.STAFF. Colección General Juliaca |
||
| 994 |
_aC0 _bPEPRU |
||
| 596 | _a1 3 | ||
| 999 |
_a610.7202 P75 2000 _wDEWEY _c15350 _iFJ06179 _d15350 _e2019-3-5 _f2022-1-25 _g4 _lCCODEBUJ1 _mBUJ _n1 _p189.00 _q4 _r0 _sY _tBOOK _u2017-1-27 _xBIBLIOTECA _zUNKNOWN _0COMPRA _o.STAFF. Colección General Juliaca |
||
| 999 |
_a610.7202 P75 _wDEWEY _c1 _i49413 _f2021-11-3 _g3 _lCCODEBUL1 _mBUL _p69.00 _r0 _sY _tBOOK _u2019-5-24 _xSALUD _zP22 _0COMPRA _o.STAFF. Colección Ciencias de la Salud |
||
| 999 |
_a610.7202 P75 _wDEWEY _c2 _i55790 _f2021-11-3 _g3 _lCCODEBUL1 _mBUL _p69.00 _r0 _sY _tBOOK _u2019-5-24 _xSALUD _zP22 _0COMPRA _o.STAFF. Colección Ciencias de la Salud |
||
| 980 |
_81 _gALBERTO SANCHEZ Responsable de Automatización |
||